Football Teams Paolo Guerrero Played For - Statistics

General Stats
  • This quiz has been taken 9 times
  • The average score is 8 of 10
Answer Stats
League Years Team % Correct
Germany 2004-2006 FC Bayern München
100%
Germany 2002-2004 FC Bayern München II
100%
Germany 2006-2012 Hamburger SV
88%
Brazil 2015-2018 CR Flamengo
75%
Brazil 2012-2015 SC Corinthians
75%
Brazil 2018-2021 SC Internacional
75%
Brazil 2022-2023 Avaí FC
63%
Ecuador 2023-2024 LDU Quito
63%
Argentina 2023 Racing Club
63%
Peru 2024- Universidad César Vallejo
50%
No matching quizzes found
Score Distribution
Percent of People with Each Score
Percentile by Number Answered
Your Score History
You have not taken this quiz